00764nam a2200241 a 4500001001300000003000900013005001700022008004100039020002200080082002100102100002000123245004600143260004400189300000900233500003500242505003900277650002200316700002000338902000800358942000700366952013200373999001700505nice12345678IN_TiNIC20260116014614.0050524s1997 dela grp 000 0 eng  a8185220 c7000a303.6250954bANS aAnsari, Iqbal A aCommunal Riots the State and Law in India aDelhibInstt.Of Objective Studiesc1997 a512p aincludes index and biblioraphy2 aRefrences, Acknowledgements, Index aCommunalism-India1 aAnsari, Iqbal A bSRS cBK 001040708StackRoom-aHMIbHMId2008-02-27g70.00l1o303.6250954 ANSp021238r2017-09-21s2017-09-14v70.00w2005-05-24yBK c16192d16192